000 00763nam a22002297a 4500
999 _c65016
_d65016
005 20240530110802.0
008 190211s2018 ua a g b 000 0 ara d
017 _bمصر. دار الكتب
_a9708
020 _a9789776620704
040 _aEG-CaGPL
_cEG-CaGPL
082 0 4 _221
_a962.4 \
_bع ج
100 0 _aعثمان الامير
245 1 0 _aجمهورية السودان /
_cعثمان الامير
250 _aط.1
260 _aالقاهرة :
_c2018 .
300 _a164 ص. ؛
_c24 سم.
504 _aيشتمل على ارجاعات ببلوجرافية
651 0 7 _2qrmak
_aالسودان
_xتاريخ
651 0 7 _aالسودان
_xالاحوال الاجتماعية
942 _2ddc
_cBK